书目信息 |
| 题名: |
长生殿
|
|
| 作者: | 洪昇 著 ;翁敏华 , 陈劲松 评注 | |
| 分册: | ||
| 出版信息: | 北京 中华书局 2016 |
|
| 页数: | 363页 | |
| 开本: | 21cm | |
| 丛书名: | 中华经典名剧 | |
| 单 册: | ||
| 中图分类: | I237.2 | |
| 科图分类: | ||
| 主题词: | 传奇剧(戏曲)--chuan ji ju (xi qu)--剧本--中国--清代 | |
| 电子资源: | ||
| ISBN: | 978-7-101-12210-7 | |
| 000 | 01176nam 2200289 450 | |
| 001 | 012017000191 | |
| 005 | 20180111085439.30 | |
| 010 | @a978-7-101-12210-7@b@dCNY24.00 | |
| 100 | @a20161203d2016 em y0chiy0121 ea | |
| 101 | 0 | @achi |
| 102 | @aCN@b110000 | |
| 105 | @aa z 000by | |
| 106 | @ar | |
| 200 | 1 | @a长生殿@Achang sheng dian@f(清) 洪昇著@g翁敏华, 陈劲松评注 |
| 210 | @a北京@c中华书局@d2016 | |
| 215 | @a363页@c图@d21cm | |
| 225 | 2 | @a中华经典名剧@Azhong hua jing dian ming ju |
| 330 | @a《长生殿》清初洪昇创作, 共二卷, 五十出。取材自唐代诗人白居易的长诗《长恨歌》和元代剧作家白朴的剧作《梧桐雨》, 通过唐玄宗和贵妃杨玉环之间的爱情故事, 重点描写了唐朝天宝年间皇帝昏庸、政治腐败给国家带来的巨大灾难, 导致王朝几乎覆灭; 同时又表达了对唐玄宗和杨玉环之间的爱情的同情, 间接表达了对唐朝统治的同情, 寄托了对美好爱情的理想。 | |
| 410 | 0 | @12001 @a中华经典名剧 |
| 606 | 0 | @a传奇剧(戏曲)@Achuan ji ju (xi qu)@x剧本@y中国@z清代 |
| 690 | @aI237.2@v5 | |
| 701 | 0 | @a洪昇@Ahong sheng@4著 |
| 702 | 0 | @a翁敏华@Aweng min hua@4评注 |
| 702 | 0 | @a陈劲松@Achen jin song@4评注 |
| 801 | 0 | @aCN@b湖北三新@c20170726@g |
| 905 | @aBZT@dI237.2@e3 | |
| 906 | @dCNY24.00@n5@r1 | |
| 长生殿/(清) 洪昇著/翁敏华, 陈劲松评注.-北京:中华书局,2016 |
| 363页:图;21cm.-(中华经典名剧) |
| ISBN 978-7-101-12210-7:CNY24.00 |
| 《长生殿》清初洪昇创作, 共二卷, 五十出。取材自唐代诗人白居易的长诗《长恨歌》和元代剧作家白朴的剧作《梧桐雨》, 通过唐玄宗和贵妃杨玉环之间的爱情故事, 重点描写了唐朝天宝年间皇帝昏庸、政治腐败给国家带来的巨大灾难, 导致王朝几乎覆灭; 同时又表达了对唐玄宗和杨玉环之间的爱情的同情, 间接表达了对唐朝统治的同情, 寄托了对美好爱情的理想。 |
| ● |
| 相关链接 |
|
|
|
正题名:长生殿
索取号:I237.2/3
 
预约/预借
| 序号 | 登录号 | 条形码 | 馆藏地/架位号 | 状态 | 备注 |
| 1 | 841678 | 2000841678 | 第一书库/ [索取号:I237.2/3] | 在馆 | |
| 2 | 841679 | 2000841679 | 第一书库/ [索取号:I237.2/3] | 在馆 | |
| 3 | 841680 | 2000841680 | 第一书库/ [索取号:I237.2/3] | 在馆 |